Опыт использования метода подкастов в процессе изучения китайского языка на среднем этапе; Коммуникативные аспекты языка и культуры; Ч. 2
| Parent link: | Коммуникативные аспекты языка и культуры: сборник материалов XIV Международной научно-практической конференции студентов и молодых ученых, г. Томск, 21-23 мая 2014 г./ Национальный исследовательский Томский политехнический университет (ТПУ), Институт международного образования и языковой коммуникации (ИМОЯК) ; под ред. С. А. Песоцкой.— , 2014 Ч. 2.— 2014.— [С. 364-368] |
|---|---|
| Autor principal: | |
| Autor Corporativo: | |
| Outros Autores: | , |
| Resumo: | Заглавие с титульного экрана |
| Idioma: | russo |
| Publicado em: |
2014
|
| Colecção: | Теоретические и прикладные аспекты изучения языков и культур стран Азиатско-Тихоокеанского региона |
| Assuntos: | |
| Acesso em linha: | http://earchive.tpu.ru/handle/11683/21484 http://www.lib.tpu.ru/fulltext/c/2014/C77/V2/081.pdf |
| Formato: | Recurso Electrónico Capítulo de Livro |
| KOHA link: | https://koha.lib.tpu.ru/cgi-bin/koha/opac-detail.pl?biblionumber=610116 |
MARC
| LEADER | 00000naa2a2200000 4500 | ||
|---|---|---|---|
| 001 | 610116 | ||
| 005 | 20260401090148.0 | ||
| 035 | |a (RuTPU)RU\TPU\conf\7701 | ||
| 035 | |a RU\TPU\conf\7698 | ||
| 090 | |a 610116 | ||
| 100 | |a 20141229d2014 k y0rusy50 ca | ||
| 101 | 0 | |a rus | |
| 102 | |a RU | ||
| 135 | |a drcn ---uucaa | ||
| 181 | 0 | |a i | |
| 182 | 0 | |a b | |
| 200 | 1 | |a Опыт использования метода подкастов в процессе изучения китайского языка на среднем этапе |f В. В. Садыкова, В. С. Шипицына |g науч. рук. О. Н. Уманец | |
| 203 | |a Текст |c электронный | ||
| 225 | 1 | |a Теоретические и прикладные аспекты изучения языков и культур стран Азиатско-Тихоокеанского региона | |
| 300 | |a Заглавие с титульного экрана | ||
| 320 | |a [Библиогр.: с. 368 (4 назв.)] | ||
| 337 | |a Adobe Reader | ||
| 461 | 1 | |0 (RuTPU)RU\TPU\conf\7313 |t Коммуникативные аспекты языка и культуры |o сборник материалов XIV Международной научно-практической конференции студентов и молодых ученых, г. Томск, 21-23 мая 2014 г. |o в 3 ч. |f Национальный исследовательский Томский политехнический университет (ТПУ), Институт международного образования и языковой коммуникации (ИМОЯК) ; под ред. С. А. Песоцкой |d 2014 | |
| 463 | 0 | |0 (RuTPU)RU\TPU\conf\7319 |t Ч. 2 |v [С. 364-368] |d 2014 | |
| 610 | 1 | |a труды учёных ТПУ | |
| 610 | 1 | |a электронный ресурс | |
| 610 | 1 | |a китайский язык | |
| 610 | 1 | |a подкасты | |
| 610 | 1 | |a изучение | |
| 610 | 1 | |a коммуникации | |
| 610 | 1 | |a Интернет | |
| 610 | 1 | |a блоги | |
| 700 | 1 | |a Садыкова |b В. В. | |
| 701 | 1 | |a Шипицына |b В. С. | |
| 702 | 1 | |a Уманец |b О. Н. |c лингвист |c преподаватель кафедры восточных языков Томского политехнического университета |g Ольга Николаевна |4 727 | |
| 712 | 0 | 2 | |a Национальный исследовательский Томский политехнический университет (ТПУ) |b Институт международного образования и языковой коммуникации (ИМОЯК) |b Кафедра восточных языков (ВЯ) |3 (RuTPU)RU\TPU\col\18973 |
| 801 | 2 | |a RU |b 63413507 |c 20210917 |g RCR | |
| 856 | 4 | |u http://earchive.tpu.ru/handle/11683/21484 | |
| 856 | 4 | |u http://www.lib.tpu.ru/fulltext/c/2014/C77/V2/081.pdf | |
| 942 | |c BK | ||